Török Márk helyett az új elnök kell az egyetemre jogerős döntés: két félév eltiltás - az SZTE EHÖK vezetője nem adja fel, tovább perel /

Elmentve itt :
Bibliográfiai részletek
Szerző: Gonda Zsuzsanna
Dokumentumtípus: Cikk
Megjelent: 2008-08-27
Sorozat:Délmagyarország 98 No. 200
Kulcsszavak:Török Márk, Szeged, Felsőoktatás egyetemi, Fegyelmi eljárás, Hallgatói Önkormányzat, Szegedi Tudományegyetem
Online Access:http://dmarchiv.bibl.u-szeged.hu/140562
LEADER 00681nab a2200157 i 4500
001 delm140562
005 20200103142907.0
008 200103s2008 hu o 0|| hun d
040 |a SZTE Délmagyarország Archívum  |b hun 
041 |a hun 
100 1 |a Gonda Zsuzsanna 
245 1 0 |a Török Márk helyett az új elnök kell az egyetemre   |h [elektronikus dokumentum] :  |b jogerős döntés: két félév eltiltás - az SZTE EHÖK vezetője nem adja fel, tovább perel /  |c  Gonda Zsuzsanna 
260 |c 2008-08-27 
300 |a 5 
490 0 |a Délmagyarország  |v 98 No. 200 
695 |a Török Márk, Szeged, Felsőoktatás egyetemi, Fegyelmi eljárás, Hallgatói Önkormányzat, Szegedi Tudományegyetem